Myth of the machine: technics and human development (Record no. 374449)

000 -LEADER
fixed length control field 00371cam a22001337a 4500
008 - FIXED-LENGTH DATA ELEMENTS--GENERAL INFORMATION
fixed length control field 180718b1967 xxu||||| |||| 00| 0 eng d
082 ## - DEWEY DECIMAL CLASSIFICATION NUMBER
Classification number B11 M919m
100 ## - MAIN ENTRY--PERSONAL NAME
Personal name Mumford, Lewis
245 ## - TITLE STATEMENT
Title Myth of the machine: technics and human development
Statement of responsibility, etc. by Lewis Mumford
260 ## - PUBLICATION, DISTRIBUTION, ETC.
Place of publication, distribution, etc. London
Name of publisher, distributor, etc. Secker & Warburg
Date of publication, distribution, etc. 1967
300 ## - PHYSICAL DESCRIPTION
Extent 342p.
500 ## - GENERAL NOTE
General note 50/-
650 ## - SUBJECT ADDED ENTRY--TOPICAL TERM
Topical term or geographic name entry element Civilization
Holdings
Withdrawn status Lost status Damaged status Not for loan Permanent Location Current Location Date acquired Full call number Barcode Date last seen Price effective from Koha item type
        Indian Institute of Public Administration Indian Institute of Public Administration 1994-06-27 B11 M919m 41949 2018-07-21 2018-07-21 Book

Powered by Koha